00954 a2200241 45000010006000000050017000060080041000230030015000640400040000790800078001192450064001970200022002612640129002833000024004125050047004360410008004831000029004917000026005207000023005467000023005697000021005928560099006134750520260407155742.0260407a2018 arg spa dAR-UNSa-BCEJYS aAR-UNSa-BCEJYSbspacAR-UNSa-BCEJYS a336.226.1xImpuestos a las ganancias o los beneficios (Impuesto Diferido)10aReforma Ley Nº 27.430 año 2017pImpuesto a las ganancias a978-987-3840-68-5 1aCórdoba :bAsociación Cooperadora de la Facultad de Ciencias Económicas de la Universidad Nacional de Córdoba.c2018 axvi, 374 p.c25 cm. a1. Introducción - 2. Generalidades - 3.  aspa1 aManassero, Carlos José1 aAramburu, Víctor J.1 aElettore, Angel M.1 aFarré, José M.1 aVillois, Juan C.41uhttps://www.biblioeco.unsa.edu.ar/pmb/images/libros/L127540.jpgyImagen de portadaqimage/jpeg